| 000 | 02449nam a2200313 4500 | ||
|---|---|---|---|
| 001 | 113555 | ||
| 003 | DR-UNIBE | ||
| 005 | 20250506103656.0 | ||
| 008 | 250506b2009 nq ||||| |||| 00| 0 spa d | ||
| 020 | _a9789992496404 | ||
| 040 |
_aBIBLIOTECA UNIBE _bspa _cBIBLIOTECA UNIBE _erda |
||
| 041 | _aspa | ||
| 082 |
_222 _a923.47285 P418 |
||
| 245 | 1 | 0 |
_aPensamiento vivo del maestro Ramírez / _ceditor: Jorge Ramón Hernández Alcerro ; presentación: Silvia Rosales Bolaños ; recopilación: Norma Allegra Cerrato Sabillón revisión: Martha Estela Fuentes Ramírez ; diseño y diagramación; Comercial 3H |
| 250 | _aPrimera edición | ||
| 260 |
_aManagua : _bCorte Centroamericana de Justicia, _c2009 |
||
| 300 |
_a128 páginas : _c24 x 17 cm |
||
| 490 | _aBiblioteca del pensamiento centroamericano | ||
| 500 | _aInformación sobre la Corte Centroamericana de Justicia en la contraportada | ||
| 505 | _aCharla del abogado Robeto Ramírez en el acto de investidura con el título de Doctor honoris causa en ciencias jurídicas y sociales por la Universidad Nacional Autónoma de Honduras | El juez en el Estado de derecho | El derecho de la integración centroamericana | La Corte Centroamericana de Justicia en el Sistema de Integración Centroamericana | Opinión sobe la solución de controversias en el Sistema de Integración Centroamericana (SICA) o Mercado Común Centroamericano | Palabras pronunciadas por el abogado don Roberto Ramírez en el acto oficial de toma de posesión como presidente de la Corte Centroamericana de Justicia, en la ciudad de Managua, el doce de octubre de mil novecientos noventa y cinco | Palabras del Doctor Roberto Ramírez presidente de la Corte Centroamericana de Justicia, en ocasión del II Encuentro de Órganos y Secretarías del Sistema de Integración Centroamericana. Managua, Nicaragua, Centroamérica, 6, 7,8 de marzo de 1996 | Protocolo de Tegucigalpa a la carta e la Organizacion de Estados Centroamericanos (ODECA) | | ||
| 600 | 7 |
_aRamírez, Roberto _9194907 _xConferencias |
|
| 650 | 7 |
_2lemb _aAbogados Nicaraguenses _9194915 |
|
| 700 | 1 | 0 |
_aHernández Alcerro, Jorge Ramón _9194909 _eeditor |
| 700 | 1 | 0 |
_aRosales Bolaños, Silvia _9194910 _epresentación |
| 700 | 1 | 0 |
_aCerrato Sabillón, Norma Allegra _9194911 _ecompilador |
| 700 | 1 | 0 |
_aFuentes Ramírez , Martha Estela _9194912 _erevisión |
| 710 | 1 | 0 |
_aComercial 3H _9194913 _ediagramador _ediseñador |
| 942 |
_2ddc _cBK |
||
| 999 |
_c113555 _d113555 |
||